Werenoi-Certifications - Statistiques

Statistiques générales
  • Ce quiz a été pris 68 fois
    7 depuis la dernière actualisation
  • Le résultat moyen est 60 sur 72
Statistiques - réponses
Hint % Correct
66 Boussole
100%
44 Chaleur
100%
15 Chemin de diamant
100%
57 Chemin d'or
100%
58 Ciao
100%
53 Cordillère
100%
16 CR
100%
24 Crédibilité
100%
40 Vulgaire
100%
17 Dragons
100%
54 Escorte
100%
25 Faf
100%
7 Fbi
100%
65 Jamal
100%
56 Laboratoire
100%
27 La vie de star
100%
22 Magot
100%
63 Maudit
100%
49 Piano
100%
51 Poney
100%
34 Selfie
100%
33 Tout seul
100%
52 Triple V
100%
59 Tu connais
100%
62 10.03.2023
80%
37 16.02.2024
80%
47 3 singes
80%
46 All eyes on me
80%
21 Balmain
80%
29 C63
80%
1 Colisée
80%
72 Criminel
80%
50 Dans un verre
80%
2 Derek
80%
12 Dispense
80%
67 En pétard
80%
9 Figaro
80%
35 Grisaille
80%
71 Industry plant
80%
8 Intro rolex
80%
41 Jalouse
80%
32 La league
80%
36 Location
80%
30 Maison hantée
80%
48 Mauvaise
80%
61 Mélanine
80%
38 Metallica
80%
3 Ordinateur
80%
64 Pétunias
80%
19 Photo
80%
60 Pyramide
80%
6 Riri
80%
10 Rude boy
80%
13 Saison
80%
5 Sale histoire
80%
45 Scarface
80%
42 Senor de los gallos
80%
55 Solitaire
80%
26 Téléphérique
80%
43 Virus
80%
18 Vroum vroum
80%
69 11.04.2025
60%
20 3x filtré
60%
70 6 étoiles
60%
11 Boss
60%
24,5 Déjà vu
60%
14 First
60%
31 La famine
60%
68 Moteur brûlant
60%
4 Rolls royce
60%
23 Tucibi
60%
28 Animal
40%
Aucun quiz correspondant
Distribution des résultats
% des personnes avec chaque résultat
Percentile par nombre de réponses
Votre historique - résultats
Vous n’avez pas pris ce quiz depuis la dernière actualisation